judicial

Banco de datos del derecho civil: contratos. Resúmenes, sintematizados y ordenados de fallos con indicación de doctrinaa. Disposiciones legales y jurisprudencia. Area de registros acumulados: Tribunales de Cap. Fed., Bs. As., Sta. Fe, E. Ríos, Cba., Tucumán, Salta, Jujuy, Mendoza, S. Juan. Ciclo computado 1977-1984 (Registro nro. 790)

Detalles MARC
000 -LEADER
fixed length control field 007060000a22001690004500
001 - CONTROL NUMBER
control field old000795
003 - CONTROL NUMBER IDENTIFIER
control field AR-NuBCU
008 - FIXED-LENGTH DATA ELEMENTS--GENERAL INFORMATION
fixed length control field 070307s1985||||########|####|0||0||Es#u
082 ## - DEWEY DECIMAL CLASSIFICATION NUMBER
Classification number DONADO UNIVERSIDAD EN EL 2014
100 1# - MAIN ENTRY--PERSONAL NAME
Personal name Scheinfeld, Daniel
245 ## - TITLE STATEMENT
Title Banco de datos del derecho civil: contratos. Resúmenes, sintematizados y ordenados de fallos con indicación de doctrinaa. Disposiciones legales y jurisprudencia. Area de registros acumulados: Tribunales de Cap. Fed., Bs. As., Sta. Fe, E. Ríos, Cba., Tucumán, Salta, Jujuy, Mendoza, S. Juan. Ciclo computado 1977-1984
260 ## - PUBLICATION, DISTRIBUTION, ETC.
Place of publication, distribution, etc. Rosario :
Name of publisher, distributor, etc. Zeus,
Date of publication, distribution, etc. 1985
300 ## - PHYSICAL DESCRIPTION
Extent v.I
Other physical details 23 cm
500 ## - GENERAL NOTE
General note 002649
653 ## - INDEX TERM--UNCONTROLLED
Uncontrolled term CONTRATOS>
942 ## - ADDED ENTRY ELEMENTS (KOHA)
Source of classification or shelving scheme Dewey Decimal Classification
Koha item type Book

No hay ítems disponibles.

-->
  •  poder judicial

    Con tecnología Koha